Pozvanie k slobode /
Uložené v:
| Hlavný autor: | |
|---|---|
| Médium: | Kniha |
| Jazyk: | Slovak |
| Vydané: |
Bratislava :
Don Bosco,
[2022].
|
| Edícia: | Viera do vrecka
|
| Témy: | |
| ISBN: |
9788080745318 |
| Fyzický popis: |
71 strán : farebné fotografie ; 18 cm. |
| Tagy: |
Pridať tag
Žiadne tagy, Buďte prvý kto otaguje tento záznam!
|
Titul je dostupný aj v ... 

MARC
| LEADER | 00000nam a2200000 i 4500 | ||
|---|---|---|---|
| 001 | 000680607 | ||
| 005 | 20220602095956.0 | ||
| 008 | 220506s2022 xo o g 000 0 slo d | ||
| 020 | |a 9788080745318 |q (brožované) | ||
| 040 | |a SVKKK |b slo |c SVKKK |e rda | ||
| 041 | 0 | |a slo | |
| 044 | |a xo |c SK | ||
| 072 | 7 | |a 27-4 |x Praktická teológia. Morálna teológia |2 konspekt | |
| 080 | |a 27-423.79 |2 2011 | ||
| 080 | |a 123.1 |2 2011 | ||
| 080 | |a 177.7 |2 2011 | ||
| 080 | |a (0:82-4) |2 2011 | ||
| 100 | 1 | |a Rábek, František, |d 1949- |4 aut | |
| 245 | 1 | 0 | |a Pozvanie k slobode / |c František Rábek. |
| 264 | 1 | |a Bratislava : |b Don Bosco, |c [2022]. | |
| 264 | 4 | |c ©2022 | |
| 300 | |a 71 strán : |b farebné fotografie ; |c 18 cm. | ||
| 336 | |a text |b txt |2 rdacontent | ||
| 337 | |a bez média |b n |2 rdamedia | ||
| 338 | |a zväzok |b nc |2 rdacarrier | ||
| 490 | 1 | |a Viera do vrecka | |
| 650 | 0 | 7 | |a kresťanská láska |2 SVKKKPH |
| 650 | 0 | 7 | |a sloboda |2 SVKKKPH |
| 650 | 0 | 7 | |a zodpovednosť |2 SVKKKPH |
| 650 | 0 | 7 | |a charity |2 SVKKKPHeng |
| 650 | 0 | 7 | |a liberty |2 SVKKKPHeng |
| 650 | 0 | 7 | |a responsibility |2 SVKKKPHeng |
| 655 | 7 | |a úvahy |2 SVKKKPH | |
| 655 | 7 | |a essays |2 SVKKKPHeng | |
| 830 | 0 | |a Viera do vrecka | |
| 910 | |a svkkk | ||
| 919 | |a 978-80-8074-531-8 | ||
| 998 | |a BK | ||
| 090 | |g SCKHL |k Sklad Hlavná 10 prízemie |a I.87350 |j 1116914 |i 2720893053 |s Povinný výt. | ||